000 00420nam a22001337a 4500
082 _a940.400956
_bBOW
100 _aBowman-Manifold, M.G.E
_949878
245 _aAn outline of the Egyptian and Palestine campaigns 1914-1918
_c M.G.E,Bowman-Manifold,
260 _aCH.THAM
_bW & J Mackay & Co. Ltd.
_c1928
300 _aviii, 100p,:
526 _a0
_b0
_c0
_d940_400956000000000_BOW
650 _aMCE
_9379
942 _2ddc
_cBK
999 _c552625
_d552625